| 000 | 00665nam a2200205 i 4500 | ||
|---|---|---|---|
| 001 | bg | ||
| 100 | 1 | _aBIELAWSKI, Jerzy | |
| 245 | 0 |
_aProcesy pomocnicze / _cJ. Bielawski, O. Świtalski, R. Wożniak. |
|
| 260 |
_aWarszawa, _c1983. |
||
| 490 | 1 | _aPrzemysłowa produkcja prefabrykatów / pod red. Kazimierza Cieszyńskiego | |
| 700 | 1 | _aŚWITALSKI, Olgierd | |
| 700 | 1 | _aWOŻNIAK, Roman | |
| 700 | 1 |
_aCieszyński, Kazimierz. _eRed. |
|
| 830 | 0 | _aPrzemysłowa produkcja prefabrykatów (pod red. Kazimierza Cieszyńskiego) | |
| 040 | _cBPK | ||
| 041 | _apol | ||
| 080 | _a666.97/.98:691.057](075.8) | ||
| 942 | _cKS | ||
| 008 | s pl f |000 0 pol | ||
| 999 |
_c1919 _d1919 |
||
| 856 |
_uhttp://koha.tu.koszalin.pl/cgi-bin/koha/opac-detail.pl?biblionumber=1919 _yKatalog online BPK |
||